000
00281nam a22001337a 4500
008
180806b xxu||||| |||| 00| 0 eng d
082
_a
813.52
245
_a
Listen
_c
Kerman,J
260
_c
2000
300
_a
3
_f
CD
440
_x
9781572597969
760
_b
4th
942
_2
ddc
_c
MX
999
_c
46841
_d
46841